|
|
|
|
| LEADER |
01488cam a22003491a 4500 |
| 001 |
000036219 |
| 003 |
12513 |
| 005 |
20230524153506.0 |
| 008 |
160329s2008 vm 000 vie |
| 040 |
|
|
|a LNN
|
| 041 |
|
|
|a vie
|
| 082 |
|
|
|a 331.412
|b HO-H
|
| 100 |
|
|
|a Hoàng Phong Hà
|
| 245 |
|
0 |
|a Giáo trình Kinh tế chính trị Mác - LêNin :
|b Hoàng Phong Hà /
|c Trịnh Đình Bảy.
|
| 260 |
|
|
|a -H :
|b Chính trị quốc gia,
|c 2008.
|
| 300 |
|
|
|a 20cm :
|b 335tr;.
|
| 500 |
|
|
|a Bo giao duc va đao tạo
|b GT dung cho cac khoi nghanh khong chuyen Kinh te-Quan tri kinh doanh trong cac truong Đaihoc,cao dăng.
|
| 520 |
|
|
|b Nhap mon kinh te chinh tri
|c Nhung van đe kinh techinh tri cua phương thuc san xuat tư ban chu nghia
|d Nhung van đe kinh te cua thoi ky qua đo len chu nghia xa hoi o Viet Nam
|
| 650 |
|
|
|a Kinh te chinh tri
|
| 653 |
|
|
|a Hoàng Phong Hà,2008,Giáo trìnhKinh tế chính trị Mác - LêNin
|
| 700 |
|
|
|a bien tap:
|b TS,Trinh Đinh Bay
|c Nguyen Viet Thanh
|
| 802 |
|
|
|a Tieng viet
|
| OWN |
|
|
|a LNN
|
| AVA |
|
|
|a UDN50
|b LNN
|d 331.412 HO-H
|e available
|t Error 5001 Not defined in file expand_doc_bib_avail.
|f 2
|g 0
|h N
|i 1
|
| 999 |
|
|
|a From the UDN01
|
| AVA |
|
|
|a UDN50
|b LNN
|d 331.412 HO-H
|e available
|t Error 5001 Not defined in file expand_doc_bib_avail.
|f 2
|g 0
|h N
|i 1
|
| TYP |
|
|
|a Monograph
|
| TYP |
|
|
|a Printed language
|
| 980 |
|
|
|a Mạng thư viện Đại học Đà Nẵng
|